عرض عادي عرض مارك
  • Great Britain

مدخل إسم جغرافي

عدد التسجيلات المستخدمة في: 1

001 - رقم الضبط

  • حقل الضبط: 57160

003 - معرف رقم الضبط

  • حقل الضبط: OSt

005 - تاريخ ووقت أخر عملية

  • حقل الضبط: 20161205115054.0

008 - عناصر بيانات ثابتة الطول

  • حقل تحكم ثابت الطول: 161205|| aca||aabn | a|a d

040 ## - مصدر الفهرسة

  • هيئة الفهرسة الأصلية: OSt
  • وكالة الكتابة: OSt

151 ## - مدخل-- مصطلح تاريخي

  • اسم جغرافي: Great Britain
  • تفريع عام: Intellectual life

670 ## - بيانات المصدر موجوده

  • الاستشهاد بالمصدر: Work cat.: (OSt)0: Sanders, Andrew, 1946- 8567, The short Oxford history of English literature /, 2004